Представление документа в формате MARC21

ПолеНазваниеЗначение
  Тип записи a
  Библиографический уровень m
001 Контрольный номер RU/URAIT/583586
005 Дата корректировки 20260429163702.0
008 Кодируемые данные 260429s2026 RU y f j 000 0 rus u
020 Индекс ISBN __
a ISBN 978-5-534-02326-8
c Цена, тираж 1559.00
040 Источник каталогиз. __
a Служба первич. каталог. ИКО Юрайт
c Служба, преобразующая запись ИКО Юрайт
e Правила каталог. RCR
041 Код языка издания __
a Код языка текста rus
044 Код страны публикации __
a Код страны публикации RU
080 Индекс УДК __
a Индекс УДК 159.9(075.8)
084 Индекс другой классификации/Индекс ББК __
2 Источник индекса rubbk
a Индекс другой классификации/Индекс ББК 88я73
100 Автор __
a Автор Шипицына Л. М.
q Полное имя Шипицына Людмила Михайловна
245 Заглавие __
a Заглавие Специальная психология
b Продолж. заглавия учебник для вузов
c Ответственность Л. М. Шипицына [и др.] ; под редакцией Л. М. Шипицыной.
256 Характеристики компьютерного файла __
a Характеристики компьютерного файла Электрон. дан.
260 Выходные данные __
a Место издания Москва
b Издательство Юрайт
c Дата издания 2026
300 Физическое описание __
a Объем 287 с
440 Серия __
a Серия Высшее образование
500 Примечания __
a Примечание URL: https://urait.ru/bcode/583586 (дата обращения: 29.04.2026).
520 Аннотация __
a Аннотация В учебнике представлены основные теоретические положения современной специальной психологии. Раскрываются общие и частные психологические закономерности, свойственные различным типам отклоняющегося развития. Отдельные главы посвящены разделам специальной психологии, далеко не всегда подробно освещаемым в учебных изданиях (исторические аспекты развития этой науки, формирования культуры отношения к лицам с ограниченными возможностями здоровья; современные особенности развития инклюзивного образования; актуальные аспекты практической работы специального психолога). Особого внимания заслуживает глава, посвященная нарушениям речевого развития у детей, проблемы которого традиционно рассматриваются в большей степени в контексте коррекционной педагогики и логопедии.
538 Прим. о системных особенностях __
a Прим. о системных особенностях Режим доступа: Электронно-библиотечная система Юрайт, для авториз. пользователей
653 Ключевые слова __
a Ключевые слова Специальная педагогика и психология. Дефектология. Логопедия
653 Ключевые слова __
a Ключевые слова Педагогика, психология, социальная работа
653 Ключевые слова __
a Ключевые слова Основы специальной педагогики и психологии
653 Ключевые слова __
a Ключевые слова Специальная психология
653 Ключевые слова __
a Ключевые слова Специальная детская психология
653 Ключевые слова __
a Ключевые слова Основы специальной дошкольной психологии и педагогики
653 Ключевые слова __
a Ключевые слова Специальная психология и коррекционно-развивающее обучение
653 Ключевые слова __
a Ключевые слова Основы коррекционной педагогики и коррекционной психологии
653 Ключевые слова __
a Ключевые слова Основы специальной педагогики и специальной психологии
653 Ключевые слова __
a Ключевые слова Обобщающий курс специальной психологии
653 Ключевые слова __
a Ключевые слова Психология лиц с нарушениями эмоционально-волевой сферы и поведения
653 Ключевые слова __
a Ключевые слова Специальная педагогика и психология
653 Ключевые слова __
a Ключевые слова Основы спецпедагогики и психологии
653 Ключевые слова __
a Ключевые слова Основы специальной психологии
653 Ключевые слова __
a Ключевые слова Специальная психология и педагогика
653 Ключевые слова __
a Ключевые слова Психолого-педагогическое сопровождение лиц с нарушением ОДА
653 Ключевые слова __
a Ключевые слова Основы специальной психологии и педагогики
653 Ключевые слова __
a Ключевые слова Коррекционная психология и педагогика
653 Ключевые слова __
a Ключевые слова Теоретические и технологические аспекты специальной психологии
653 Ключевые слова __
a Ключевые слова Психология лиц с комплексными нарушениями
653 Ключевые слова __
a Ключевые слова Психология инвалидов и лиц с ограниченными возможностями здоровья
653 Ключевые слова __
a Ключевые слова Основы специальной детской психологии
653 Ключевые слова __
a Ключевые слова Психология лиц с комплексными нарушениями развития
653 Ключевые слова __
a Ключевые слова Психология лиц с нарушениями эмоционально-волевой и личностной сферы
653 Ключевые слова __
a Ключевые слова Основы специальной психологии и специальной педагогики
653 Ключевые слова __
a Ключевые слова Внимание и память
653 Ключевые слова __
a Ключевые слова Психология развития и специальная психология
653 Ключевые слова __
a Ключевые слова Комплексная диагностика и консультирование лиц с ограниченными возможностями здоровья
653 Ключевые слова __
a Ключевые слова Коррекционная педагогика и психология
653 Ключевые слова __
a Ключевые слова Психология лиц с расстройствами эмоционально -волевой сферы и поведения
653 Ключевые слова __
a Ключевые слова Основы обучения лиц с особыми образовательными потребностями
653 Ключевые слова __
a Ключевые слова Организация процесса обучения по основным общеобразовательным программам дошкольного образования
700 Другие авторы __
a Другие авторы Сорокин В. М.
q Полное имя Сорокин Виктор Михайлович
700 Другие авторы __
a Другие авторы Мамайчук И. И.
q Полное имя Мамайчук Ираида Ивановна
700 Другие авторы __
a Другие авторы Михаленкова И. А.
q Полное имя Михаленкова Ида Антоновна
700 Другие авторы __
a Другие авторы Исаев Д. Н.
q Полное имя Исаев Дмитрий Николаевич
700 Другие авторы __
a Другие авторы Ростомашвили Л. Н.
q Полное имя Ростомашвили Людмила Николаевна
700 Другие авторы __
a Другие авторы Логинова Л. И.
q Полное имя Логинова Людмила Ивановна
700 Другие авторы __
a Другие авторы Гончарова В. А.
q Полное имя Гончарова Валерия Александровна
700 Другие авторы __
a Другие авторы Кац Е.
q Полное имя Кац Екатерина
856 Электронный адрес документа 40
n Местонахождение сервера Юрайт
g Электронная книга
q Тип электронного формата html
h Имя пользователя ЮРАЙТ
v Часы доступа к ресурсу 20271231
2 Способ доступа Показать документ
x Служебное примечание https://urait.ru/book/cover/D29DEA15-978F-47C6-AFA2-3545A9074DF0
u URL https://urait.ru/bcode/583586
856 Электронный адрес документа 48
q Тип электронного формата cover
u URL https://urait.ru/book/cover/D29DEA15-978F-47C6-AFA2-3545A9074DF0
911 __
u 0030=https://urait.ru/bcode/583586
911 __
u 073a=9785534023268
u 073d=1559.00
911 __
u 106a=s
911 __
u 900l=
952 Тип литературы __
i Дисциплина Основы специальной педагогики и психологии
952 Тип литературы __
i Дисциплина Специальная психология
952 Тип литературы __
i Дисциплина Специальная детская психология
952 Тип литературы __
i Дисциплина Основы специальной дошкольной психологии и педагогики
952 Тип литературы __
i Дисциплина Специальная психология и коррекционно-развивающее обучение
952 Тип литературы __
i Дисциплина Основы коррекционной педагогики и коррекционной психологии
952 Тип литературы __
i Дисциплина Основы специальной педагогики и специальной психологии
952 Тип литературы __
i Дисциплина Обобщающий курс специальной психологии
952 Тип литературы __
i Дисциплина Психология лиц с нарушениями эмоционально-волевой сферы и поведения
952 Тип литературы __
i Дисциплина Специальная педагогика и психология
952 Тип литературы __
i Дисциплина Основы спецпедагогики и психологии
952 Тип литературы __
i Дисциплина Основы специальной психологии
952 Тип литературы __
i Дисциплина Специальная психология и педагогика
952 Тип литературы __
i Дисциплина Психолого-педагогическое сопровождение лиц с нарушением ОДА
952 Тип литературы __
i Дисциплина Основы специальной психологии и педагогики
952 Тип литературы __
i Дисциплина Коррекционная психология и педагогика
952 Тип литературы __
i Дисциплина Теоретические и технологические аспекты специальной психологии
952 Тип литературы __
i Дисциплина Психология лиц с комплексными нарушениями
952 Тип литературы __
i Дисциплина Психология инвалидов и лиц с ограниченными возможностями здоровья
952 Тип литературы __
i Дисциплина Основы специальной детской психологии
952 Тип литературы __
i Дисциплина Психология лиц с комплексными нарушениями развития
952 Тип литературы __
i Дисциплина Психология лиц с нарушениями эмоционально-волевой и личностной сферы
952 Тип литературы __
i Дисциплина Основы специальной психологии и специальной педагогики
952 Тип литературы __
i Дисциплина Внимание и память
952 Тип литературы __
i Дисциплина Психология развития и специальная психология
952 Тип литературы __
i Дисциплина Комплексная диагностика и консультирование лиц с ограниченными возможностями здоровья
952 Тип литературы __
i Дисциплина Коррекционная педагогика и психология
952 Тип литературы __
i Дисциплина Психология лиц с расстройствами эмоционально -волевой сферы и поведения
952 Тип литературы __
i Дисциплина Основы обучения лиц с особыми образовательными потребностями
952 Тип литературы __
i Дисциплина Организация процесса обучения по основным общеобразовательным программам дошкольного образования